[Event "Fagernes International 2022"]
[Site "Fagernes"]
[Date "2022.04.15"]
[Round "7.4"]
[White "Pedersen, Max Moe"]
[Black "Langvik, Ulrikke"]
[Result "1-0"]
[WhiteElo "1933"]
[BlackElo "1579"]
[Annotator "NA RC"]
[PlyCount "77"]
[EventDate "2022.04.10"]
[EventCountry "NOR"]
[SourceTitle "playchess.com"]
[Source "ChessBase"]
[SourceQuality "1"]

1. d4 {[%emt 0:00:07]} d5 {[%emt 0:00:04]} 2. c4 {[%emt 0:00:06]} e6 {[%emt 0:00:14]} 3. Nf3 {[%emt 0:00:32]} c6 {[%emt 0:00:44]} 4. e3 {[%emt 0:00:07]} Bd6 {[%emt 0:01:20]} 5. Nc3 {[%emt 0:00:13]} f5 {[%emt 0:00:11]} 6. Bd3 {[%emt 0:00:07]} Nf6 {[%emt 0:00:41]} 7. b3 {[%emt 0:00:06]} Nbd7 {[%emt 0:02:02]} 8. Bb2 {[%emt 0:00:15]} O-O {[%emt 0:00:41]} 9. O-O {[%emt 0:00:10]} Ne4 {[%emt 0:01:11]} 10. Ne2 {[%emt 0:00:05]} Ndf6 {[%emt 0:02:40]} 11. Ne5 {[%emt 0:01:59]} Bxe5 {[%emt 0:13:12]} 12. dxe5 {[%emt 0:00:31]} Ng4 {[%emt 0:01:13]} 13. Bxe4 {[%emt 0:05:10]} fxe4 {[%emt 0:00:16]} 14. h3 {[%emt 0:02:57]} Nh6 {[%emt 0:01:03]} 15. Qc2 {[%emt 0:09:54]} Bd7 {[%emt 0:13:56]} 16. Rad1 {[%emt 0:03:11]} Nf5 {[%emt 0:10:54]} 17. cxd5 {[%emt 0:08:20]} cxd5 {[%emt 0:00:16]} 18. Rc1 {[%emt 0:01:19] [#]} (18. Ba3 $11 {should be considered.} Rf7 19. Nd4) 18... Bb5 $1 {[%emt 0:08:45]} 19. g3 {[%emt 0:06:09]} (19. Ba3 $15 Rf7 20. Rfe1) 19... Qg5 {[%emt 0:04:27]} 20. Kh2 {[%emt 0:00:34] [#]} Nxe3 $1 {[%emt 0:15:31]} 21. fxe3 {[%emt 0:01:03]} Qxe3 {[%emt 0:00:10]} 22. Rxf8+ {[%emt 0:00:33]} Rxf8 {[%emt 0:00:05]} 23. Nf4 {[%emt 0:01:27]} Bd3 $18 {[%emt 0:18:35]} (23... g5 $16 {keeps fighting.} 24. Ng2 Qf2) 24. Ng2 {[%emt 0:04:49]} Qb6 {[%emt 0:03:05]} 25. Qc5 {[%emt 0:01:18]} Qxc5 {[%emt 0:01:47]} 26. Rxc5 {[%emt 0:00:11]} e3 {[%emt 0:02:32]} 27. Nf4 {[%emt 0:09:09]} Ba6 {[%emt 0:00:04]} 28. h4 {[%emt 0:08:07]} e2 {[%emt 0:02:06]} 29. Rc1 {[%emt 0:00:24]} h6 {[%emt 0:01:03]} 30. h5 {[%emt 0:00:09]} Kf7 {[%emt 0:03:14]} 31. Kg2 {[%emt 0:01:05]} Ke8 {[%emt 0:01:27]} 32. Kf2 {[%emt 0:00:38]} Kd7 {[%emt 0:00:30]} 33. Ke3 {[%emt 0:00:09]} Rc8 {[%emt 0:01:41]} 34. Nxe2 {[%emt 0:00:28]} Rg8 {[%emt 0:00:47]} 35. Nf4 {[%emt 0:00:14]} Rf8 {[%emt 0:00:38]} 36. Ba3 {[%emt 0:00:09]} Rf5 {[%emt 0:00:11]} 37. Bd6 {[%emt 0:00:16]} Ke8 {[%emt 0:01:01]} 38. Rc8+ {[%emt 0:00:30]} Kf7 {[%emt 0:00:12]} 39. Rf8# {[%emt 0:00:11]} 1-0

[Event "Fagernes International 2022"]
[Site "Fagernes"]
[Date "2022.04.15"]
[Round "7.5"]
[White "Cross, Jamie"]
[Black "Lund, Terje"]
[Result "1/2-1/2"]
[WhiteElo "1735"]
[BlackElo "2020"]
[Annotator "NA RC"]
[PlyCount "53"]
[EventDate "2022.04.10"]
[EventCountry "NOR"]
[SourceTitle "playchess.com"]
[Source "ChessBase"]
[SourceQuality "1"]

1. d4 {[%emt 0:02:18]} Nf6 {[%emt 0:00:14]} 2. Bf4 {[%emt 0:00:14]} d5 {[%emt 0:00:27]} 3. e3 {[%emt 0:00:08]} e6 {[%emt 0:00:55]} 4. Nf3 {[%emt 0:00:41]} c5 {[%emt 0:03:46]} 5. c3 {[%emt 0:01:36]} Nc6 {[%emt 0:01:01]} 6. Nbd2 {[%emt 0:00:41]} Bd6 {[%emt 0:00:46]} 7. Bg3 {[%emt 0:00:34]} O-O {[%emt 0:00:51]} 8. Bd3 {[%emt 0:00:07]} b6 {[%emt 0:00:56]} 9. Ne5 {[%emt 0:02:52] 9.Qe2 deserves study.} Bb7 {[%emt 0:00:27]} 10. f4 {[%emt 0:02:30]} Ne7 {[%emt 0:01:31]} 11. O-O {[%emt 0:06:43]} Nf5 {[%emt 0:01:20]} 12. Qf3 {[%emt 0:01:31]} Be7 {[%emt 0:05:34]} 13. Be1 {[%emt 0:09:08]} Nd6 {[%emt 0:01:56]} 14. g4 {[%emt 0:01:04]} Nfe4 {[%emt 0:00:38] [#]} 15. Qg2 $146 {[%emt 0:01:40]} ({Predecessor:} 15. g5 g6 16. Kh1 f6 17. gxf6 Bxf6 18. Qh3 Qe7 19. Nxe4 dxe4 20. Be2 Nf5 21. Bg4 {1-0 (31) Marin Gomez,D (1440)-Mahajan,R (1889) Guayaquil 2019}) 15... Qc7 {[%emt 0:08:07]} ({Black should try} 15... f6 $17 16. Nef3 Rc8) 16. Nef3 {[%emt 0:08:06]} (16. g5 $15 {is superior.}) 16... f6 {[%emt 0:12:15]} 17. Bg3 {[%emt 0:03:19]} Nxg3 {[%emt 0:03:43]} ({Black should try} 17... Rac8 $15) 18. hxg3 {[%emt 0:08:25]} Ne4 $11 {[%emt 0:04:11]} 19. Qh3 {[%emt 0:03:09]} Rae8 {[%emt 0:23:31]} 20. Kg2 {[%emt 0:07:26]} Bd6 {[%emt 0:00:39]} 21. g5 {[%emt 0:07:21]} f5 {[%emt 0:10:32]} 22. Rad1 {[%emt 0:16:55]} Qe7 {[%emt 0:07:09]} 23. Rh1 {[%emt 0:04:53]} g6 {[%emt 0:00:22]} 24. Bb5 {[%emt 0:00:45]} Rd8 {[%emt 0:02:57]} 25. Nh4 {[%emt 0:06:10]} Qg7 {[%emt 0:04:22]} 26. Nhf3 {[%emt 0:06:33]} Qe7 {[%emt 0:04:24]} 27. Nh4 {[%emt 0:05:12]} 1/2-1/2

[Event "Fagernes International 2022"]
[Site "Fagernes"]
[Date "2022.04.15"]
[Round "7.6"]
[White "Gasland, Lukas Dominik"]
[Black "Flatebo, Hallvard Haug"]
[Result "1/2-1/2"]
[WhiteElo "1478"]
[BlackElo "1886"]
[Annotator "NA RC"]
[PlyCount "133"]
[EventDate "2022.04.10"]
[EventCountry "NOR"]
[SourceTitle "playchess.com"]
[Source "ChessBase"]
[SourceQuality "1"]

1. d4 {[%emt 0:00:01]} Nf6 {[%emt 0:00:09]} 2. c4 {[%emt 0:00:10]} e6 {[%emt 0:00:06]} 3. Nf3 {[%emt 0:00:09]} Be7 {[%emt 0:00:07]} 4. Nc3 {[%emt 0:00:09]} d5 {[%emt 0:01:07]} 5. g3 {[%emt 0:00:35]} O-O {[%emt 0:00:19]} 6. Bg2 {[%emt 0:00:18]} dxc4 {[%emt 0:01:36]} 7. Ne5 {[%emt 0:00:57]} c5 {[%emt 0:01:05]} 8. d5 {[%emt 0:07:26]} exd5 {[%emt 0:02:32]} 9. Nxd5 {[%emt 0:00:20]} Nxd5 {[%emt 0:02:38]} 10. Qxd5 {[%emt 0:05:07]} Na6 {[%emt 0:02:56]} 11. O-O {[%emt 0:09:26]} Nc7 {[%emt 0:03:23]} (11... Qxd5 $15 12. Bxd5 Nb4) 12. Qxc4 {[%emt 0:01:41]} Be6 {[%emt 0:00:35]} 13. Qc2 {[%emt 0:00:27]} Nb5 {[%emt 0:06:03]} 14. Bxb7 {[%emt 0:06:34]} Nd4 {[%emt 0:00:44]} 15. Qd1 {[%emt 0:08:25]} Rb8 {[%emt 0:01:38]} 16. Nc6 {[%emt 0:02:21]} Nxc6 {[%emt 0:02:55]} 17. Bxc6 {[%emt 0:00:07]} Qb6 {[%emt 0:02:10]} 18. Be4 {[%emt 0:02:48]} Bf6 {[%emt 0:03:13]} 19. Qc2 {[%emt 0:01:14]} g6 {[%emt 0:02:33]} 20. a3 {[%emt 0:21:13]} (20. Bf4 $11 {should be considered.}) 20... Rfd8 {[%emt 0:03:32]} (20... Bxb2 $2 21. Rb1 $18) 21. Bf4 {[%emt 0:01:54]} Bb3 {[%emt 0:03:20]} 22. Qc1 {[%emt 0:00:18]} Rbc8 {[%emt 0:00:24]} 23. Bg5 {[%emt 0:01:23]} Re8 {[%emt 0:02:40]} 24. Bxf6 {[%emt 0:04:45]} Qxf6 {[%emt 0:00:07]} 25. Bf3 {[%emt 0:02:04]} c4 {[%emt 0:03:20]} 26. Kg2 {[%emt 0:01:48]} Rcd8 {[%emt 0:03:02]} 27. e3 $11 {[%emt 0:09:03]} Rd3 {[%emt 0:06:32]} 28. Be2 {[%emt 0:01:07]} Qc6+ {[%emt 0:00:23]} 29. Kg1 {[%emt 0:00:49]} Rd6 {[%emt 0:03:50]} 30. Qc3 {[%emt 0:01:12]} Qd5 {[%emt 0:04:26]} 31. Rac1 {[%emt 0:02:18]} Rc8 {[%emt 0:01:44]} 32. Bd1 {[%emt 0:02:14]} Rb8 {[%emt 0:06:49]} 33. Bxb3 {[%emt 0:02:02]} Rxb3 {[%emt 0:00:10]} 34. Qxc4 {[%emt 0:00:09]} Qxc4 {[%emt 0:00:08]} 35. Rxc4 {[%emt 0:00:07]} Rxb2 {[%emt 0:00:07]} 36. Ra4 {[%emt 0:00:31]} a6 {[%emt 0:00:19]} 37. Rc1 {[%emt 0:00:37]} Rdd2 {[%emt 0:00:35]} 38. Rf4 {[%emt 0:00:16]} Rdc2 {[%emt 0:03:10]} 39. Rd1 {[%emt 0:00:36]} Rd2 {[%emt 0:00:25]} 40. Rc1 {[%emt 0:00:06]} Rdc2 {[%emt 0:00:06]} 41. Rxc2 {[%emt 0:00:06]} Rxc2 {[%emt 0:00:04]} 42. Rf6 {[%emt 0:00:09]} a5 {[%emt 0:00:22]} 43. Ra6 {[%emt 0:00:05]} Rc5 {[%emt 0:00:07]} 44. Kf1 {[%emt 0:00:18]} Kg7 {[%emt 0:00:20]} 45. Ke2 {[%emt 0:00:17]} Rc2+ {[%emt 0:00:17]} 46. Kf3 {[%emt 0:00:27]} Rc5 {[%emt 0:00:15]} 47. g4 {[%emt 0:00:19]} h5 {[%emt 0:00:20]} 48. h3 {[%emt 0:00:49]} hxg4+ 49. hxg4 {[%emt 0:00:05]} g5 {[%emt 0:06:33]} 50. Kg3 {[%emt 0:01:12]} f6 {[%emt 0:00:23]} 51. f4 {[%emt 0:00:31]} Rc3 {[%emt 0:03:14]} 52. fxg5 {[%emt 0:00:51]} fxg5 {[%emt 0:01:35]} 53. Rxa5 {[%emt 0:00:22]} Rxe3+ {[%emt 0:00:19]} 54. Kf2 {[%emt 0:00:12]} Re4 {[%emt 0:00:40]} 55. Rxg5+ {[%emt 0:02:41]} Kf6 {[%emt 0:01:13]} 56. Rf5+ {[%emt 0:00:44]} Kg6 {[%emt 0:00:46]} 57. Kg3 {[%emt 0:00:16]} Ra4 {[%emt 0:00:26]} 58. Kh4 {[%emt 0:01:21]} Rxa3 {[%emt 0:00:06]} 59. Rc5 {[%emt 0:00:25]} Ra6 {[%emt 0:00:10]} 60. Rg5+ {[%emt 0:00:15]} Kh7 {[%emt 0:00:31]} 61. Rf5 {[%emt 0:00:54]} Kg7 {[%emt 0:00:11]} 62. Kh5 {[%emt 0:00:44]} Rb6 {[%emt 0:00:13]} 63. g5 {[%emt 0:00:16]} Ra6 {[%emt 0:00:31]} 64. Rb5 {[%emt 0:00:13]} Rc6 {[%emt 0:00:19]} 65. g6 {[%emt 0:00:15]} Rc1 {[%emt 0:00:07]} 66. Rb7+ {[%emt 0:00:11]} Kg8 {[%emt 0:00:04]} 67. Kh6 {[%emt 0:00:22]} 1/2-1/2

[Event "Fagernes International 2022"]
[Site "Fagernes"]
[Date "2022.04.15"]
[Round "7.7"]
[White "Helgoy, Hakon"]
[Black "Reinhardt, Johannes"]
[Result "0-1"]
[WhiteElo "1732"]
[BlackElo "1893"]
[Annotator "NA RC"]
[PlyCount "88"]
[EventDate "2022.04.10"]
[EventCountry "NOR"]
[SourceTitle "playchess.com"]
[Source "ChessBase"]
[SourceQuality "1"]

1. e4 {[%emt 0:00:08]} d5 {[%emt 0:00:15]} 2. exd5 {[%emt 0:00:07]} Qxd5 {[%emt 0:00:03]} 3. Nc3 {[%emt 0:00:04]} Qd6 {[%emt 0:00:04]} 4. g3 {[%emt 0:00:25]} Nf6 {[%emt 0:00:49]} 5. Bg2 {[%emt 0:00:47]} a6 {[%emt 0:03:48]} 6. d4 {[%emt 0:05:50]} Bg4 {[%emt 0:12:24]} 7. Qd3 {[%emt 0:08:36]} Nc6 {[%emt 0:06:56]} 8. Bf4 {[%emt 0:08:55]} Qd7 {[%emt 0:00:55]} 9. Nf3 {[%emt 0:15:25]} O-O-O $1 {[%emt 0:11:27]} 10. Ne5 {[%emt 0:22:17]} Nxe5 {[%emt 0:08:41]} (10... Nb4 $11 {might be stronger.} 11. Nxd7 Nxd3+ 12. cxd3 Rxd7) 11. Bxe5 {[%emt 0:00:59]} e6 $16 {[%emt 0:23:44]} 12. Bxf6 {[%emt 0:12:53]} gxf6 {[%emt 0:00:05]} 13. Qe4 {[%emt 0:00:28]} Qc6 {[%emt 0:00:43]} 14. d5 {[%emt 0:00:33]} f5 {[%emt 0:00:30]} 15. dxc6 {[%emt 0:05:05]} fxe4 {[%emt 0:00:10]} 16. cxb7+ {[%emt 0:00:06]} Kxb7 {[%emt 0:01:48]} 17. Nxe4 {[%emt 0:00:44]} Kc8 {[%emt 0:01:24]} 18. f3 {[%emt 0:08:24]} Bf5 {[%emt 0:02:05]} 19. g4 {[%emt 0:01:49]} Bxe4 {[%emt 0:01:21]} 20. fxe4 {[%emt 0:00:26]} Bh6 {[%emt 0:03:37]} 21. Rf1 {[%emt 0:00:50]} Rd2 {[%emt 0:02:23]} 22. Rf2 {[%emt 0:00:06]} Rhd8 {[%emt 0:00:17]} 23. Bf1 {[%emt 0:03:56]} Be3 {[%emt 0:06:44]} 24. Rf3 {[%emt 0:01:57]} Bg5 {[%emt 0:07:50]} 25. Bxa6+ {[%emt 0:02:45]} Kb8 {[%emt 0:00:13]} 26. Bd3 {[%emt 0:02:43]} Rxh2 {[%emt 0:01:16]} 27. Rf1 {[%emt 0:05:41]} c5 {[%emt 0:00:52]} 28. a4 {[%emt 0:01:46]} c4 {[%emt 0:00:39]} 29. Ra3 {[%emt 0:00:05]} Bd2+ {[%emt 0:02:49]} 30. Kd1 {[%emt 0:00:05]} Bb4 {[%emt 0:00:04]} 31. Rc3 {[%emt 0:01:30]} Bxc3 {[%emt 0:00:11]} 32. bxc3 {[%emt 0:00:06]} cxd3 {[%emt 0:00:05]} 33. cxd3 {[%emt 0:00:20]} Rxd3+ {[%emt 0:00:05]} 34. Kc1 {[%emt 0:00:31]} Rxc3+ {[%emt 0:00:07]} 35. Kb1 {[%emt 0:00:06]} Rb3+ {[%emt 0:00:46]} 36. Ka1 {[%emt 0:00:26]} Ra3+ {[%emt 0:00:04]} 37. Kb1 Rxa4 {[%emt 0:00:12]} 38. Rxf7 {[%emt 0:01:25]} Rxe4 {[%emt 0:00:06]} 39. Rf1 {[%emt 0:00:16]} Rxg4 {[%emt 0:00:11]} 40. Rd1 {[%emt 0:00:29]} Rgg2 {[%emt 0:00:17]} 41. Rf1 {[%emt 0:00:36]} Rb2+ {[%emt 0:00:06]} 42. Ka1 {[%emt 0:00:29]} Ra2+ {[%emt 0:00:04]} 43. Kb1 {[%emt 0:00:11]} Rhb2+ {[%emt 0:00:04]} 44. Kc1 {[%emt 0:00:17]} Ra1+ {[%emt 0:00:07]} 0-1

[Event "Fagernes International 2022"]
[Site "Fagernes"]
[Date "2022.04.15"]
[Round "7.8"]
[White "Carlin, Tormod"]
[Black "Galinsky, Misha"]
[Result "0-1"]
[WhiteElo "1630"]
[BlackElo "1744"]
[Annotator "NA RC"]
[PlyCount "112"]
[EventDate "2022.04.10"]
[EventCountry "NOR"]
[SourceTitle "playchess.com"]
[Source "ChessBase"]
[SourceQuality "1"]

1. d4 {[%emt 0:00:03]} d5 {[%emt 0:00:07]} 2. c4 {[%emt 0:00:09]} c6 {[%emt 0:00:05]} 3. Nc3 {[%emt 0:00:04]} Nf6 {[%emt 0:00:05]} 4. Nf3 {[%emt 0:00:04]} dxc4 {[%emt 0:00:05]} 5. a4 {[%emt 0:00:18]} Bf5 {[%emt 0:00:10]} 6. e3 {[%emt 0:00:06]} e6 {[%emt 0:00:39]} 7. Nh4 {[%emt 0:00:08]} Bg4 {[%emt 0:00:30]} 8. Nf3 {[%emt 0:02:24]} Bb4 {[%emt 0:01:39]} 9. Bxc4 {[%emt 0:00:06]} Nbd7 {[%emt 0:00:45]} 10. O-O {[%emt 0:00:08]} O-O {[%emt 0:01:26]} 11. h3 {[%emt 0:01:07]} Bh5 {[%emt 0:01:16]} 12. Qb3 {[%emt 0:05:40]} a5 {[%emt 0:05:52]} 13. Be2 {[%emt 0:01:30]} Re8 {[%emt 0:03:46]} 14. Rd1 {[%emt 0:00:21]} Qe7 {[%emt 0:05:23]} 15. Bd2 {[%emt 0:00:41]} Nb6 {[%emt 0:10:19]} 16. Rac1 {[%emt 0:09:50]} Rad8 {[%emt 0:03:22]} 17. Be1 {[%emt 0:06:35]} Nbd5 {[%emt 0:03:13]} 18. Nxd5 {[%emt 0:21:11]} Nxd5 {[%emt 0:00:37]} 19. Bxb4 {[%emt 0:01:07]} Nxb4 {[%emt 0:00:11]} 20. Rc5 {[%emt 0:00:19]} Rd5 {[%emt 0:01:27]} 21. Rdc1 {[%emt 0:01:21]} Red8 {[%emt 0:05:38]} 22. g4 {[%emt 0:00:29]} Bg6 {[%emt 0:00:10]} 23. Ne5 {[%emt 0:00:09]} Rxc5 {[%emt 0:08:03]} 24. Rxc5 {[%emt 0:00:11]} Rd5 {[%emt 0:00:35]} 25. Rxd5 {[%emt 0:03:58]} exd5 {[%emt 0:00:39]} 26. Nxg6 {[%emt 0:02:55]} hxg6 {[%emt 0:00:40]} 27. Qc3 {[%emt 0:04:24]} b6 {[%emt 0:01:39]} 28. f3 {[%emt 0:01:59]} f5 {[%emt 0:07:35]} 29. Qd2 {[%emt 0:01:42]} c5 {[%emt 0:10:03]} 30. b3 {[%emt 0:02:02]} f4 {[%emt 0:02:15]} 31. exf4 {[%emt 0:05:27]} cxd4 {[%emt 0:00:45]} 32. Kf2 {[%emt 0:00:18]} Qc5 {[%emt 0:01:47]} 33. Ke1 {[%emt 0:01:29]} Qc3 {[%emt 0:05:13]} 34. Bd1 {[%emt 0:01:59]} Nd3+ {[%emt 0:08:54]} 35. Ke2 {[%emt 0:01:16]} Qxd2+ {[%emt 0:00:08]} 36. Kxd2 {[%emt 0:00:15]} Nxf4 {[%emt 0:00:05]} 37. Bc2 {[%emt 0:01:55]} g5 {[%emt 0:01:38]} 38. Bf5 {[%emt 0:00:13]} Kf7 {[%emt 0:00:49]} 39. Kc2 {[%emt 0:02:03]} Kf6 {[%emt 0:00:44]} 40. b4 {[%emt 0:01:09]} Ke5 {[%emt 0:01:14]} 41. bxa5 {[%emt 0:00:23]} bxa5 {[%emt 0:00:02]} 42. Kd2 {[%emt 0:00:09]} Nxh3 {[%emt 0:00:16]} 43. Kd3 {[%emt 0:00:04]} Nf4+ {[%emt 0:00:30]} 44. Kd2 {[%emt 0:00:09]} Ne6 {[%emt 0:01:35]} 45. Bd3 {[%emt 0:00:21]} Kf4 {[%emt 0:01:46]} 46. Be2 {[%emt 0:00:07]} Nc5 {[%emt 0:00:11]} 47. Bd1 {[%emt 0:00:13]} d3 {[%emt 0:00:18]} 48. Ke1 {[%emt 0:03:36]} Ke3 {[%emt 0:00:09]} 49. f4 {[%emt 0:00:05]} gxf4 {[%emt 0:00:06]} 50. g5 {[%emt 0:00:12]} f3 {[%emt 0:00:23]} 51. g6 {[%emt 0:00:16]} f2+ {[%emt 0:00:31]} 52. Kf1 {[%emt 0:00:05]} Ne4 {[%emt 0:00:08]} 53. Kg2 {[%emt 0:00:18]} Nd2 {[%emt 0:00:20]} 54. Kh2 {[%emt 0:01:12]} f1=Q {[%emt 0:00:16]} 55. Bg4 {[%emt 0:00:12]} Kf2 {[%emt 0:00:32]} 56. Bh3 {[%emt 0:00:24]} Nf3# {[%emt 0:00:06]} 0-1

[Event "Fagernes International 2022"]
[Site "Fagernes"]
[Date "2022.04.15"]
[Round "7.9"]
[White "Andersen, Martin K"]
[Black "Kittilsen, Sigurd"]
[Result "1-0"]
[WhiteElo "1558"]
[BlackElo "1848"]
[Annotator "NA RC"]
[PlyCount "125"]
[EventDate "2022.04.10"]
[EventCountry "NOR"]
[SourceTitle "playchess.com"]
[Source "ChessBase"]
[SourceQuality "1"]

1. d4 {[%emt 0:00:02]} Nf6 {[%emt 0:00:10]} 2. c4 {[%emt 0:00:02]} e6 {[%emt 0:00:08]} 3. Nf3 {[%emt 0:00:02]} Bb4+ {[%emt 0:00:18]} 4. Bd2 {[%emt 0:00:10]} Qe7 {[%emt 0:00:14]} 5. e3 {[%emt 0:00:05]} Bxd2+ {[%emt 0:03:26]} 6. Nfxd2 {[%emt 0:00:06]} c5 {[%emt 0:05:00]} 7. Be2 {[%emt 0:04:20]} Nc6 {[%emt 0:04:32]} 8. dxc5 {[%emt 0:04:02]} Qxc5 {[%emt 0:02:31]} 9. O-O {[%emt 0:00:18]} Ne5 {[%emt 0:13:23]} 10. Nc3 {[%emt 0:03:42]} O-O {[%emt 0:01:57]} 11. Nce4 {[%emt 0:03:14]} Nxe4 {[%emt 0:04:18]} 12. Nxe4 {[%emt 0:00:11]} Qb4 {[%emt 0:00:16]} 13. b3 {[%emt 0:06:18]} (13. Qb3 $16 Qxb3 14. axb3) 13... d5 $1 {[%emt 0:05:15] [#]} 14. a3 $1 {[%emt 0:07:38]} Qe7 {[%emt 0:01:49]} (14... Qa5 $14 {is superior.} 15. cxd5 exd5) 15. cxd5 {[%emt 0:02:26]} exd5 {[%emt 0:01:52]} 16. Qxd5 {[%emt 0:07:21]} Rd8 {[%emt 0:06:01]} 17. Qc5 {[%emt 0:01:42]} Qxc5 {[%emt 0:05:06]} 18. Nxc5 {[%emt 0:00:05]} b6 {[%emt 0:01:23]} 19. Ne4 {[%emt 0:06:46]} Bf5 {[%emt 0:07:48]} 20. Ng3 {[%emt 0:00:30]} Bc2 $16 {[%emt 0:00:08]} 21. b4 {[%emt 0:09:28]} Rac8 {[%emt 0:03:03]} 22. Ba6 {[%emt 0:01:20]} Rc6 {[%emt 0:02:43]} 23. Ne2 {[%emt 0:08:47]} Bd3 {[%emt 0:07:28]} 24. Bxd3 {[%emt 0:00:44]} Rxd3 {[%emt 0:00:32]} 25. Rfd1 {[%emt 0:11:25]} Rcd6 {[%emt 0:00:40]} 26. Nd4 {[%emt 0:02:42]} Rxd1+ {[%emt 0:00:21]} 27. Rxd1 {[%emt 0:00:08]} f5 {[%emt 0:00:09]} 28. Rc1 {[%emt 0:04:45]} f4 {[%emt 0:02:40]} 29. Rc8+ {[%emt 0:06:44]} Kf7 {[%emt 0:00:13]} 30. Rc7+ {[%emt 0:01:48]} Kf6 {[%emt 0:00:25]} 31. h3 {[%emt 0:05:50]} fxe3 {[%emt 0:01:15]} 32. fxe3 {[%emt 0:00:12]} a5 {[%emt 0:01:09]} 33. Rxg7 {[%emt 0:04:19]} axb4 {[%emt 0:13:55]} 34. axb4 {[%emt 0:00:14]} Nc4 {[%emt 0:04:47]} 35. Rxh7 {[%emt 0:03:00]} Kg6 {[%emt 0:00:23]} 36. Rc7 {[%emt 0:01:44]} Nxe3 {[%emt 0:04:13]} 37. Rc6 {[%emt 0:00:19]} Rxc6 {[%emt 0:00:31]} 38. Nxc6 {[%emt 0:00:04]} Kf5 {[%emt 0:00:14]} 39. Ne7+ {[%emt 0:03:12]} Ke6 {[%emt 0:00:54]} 40. Nc8 {[%emt 0:00:54]} Nd5 {[%emt 0:01:19]} 41. b5 {[%emt 0:01:50]} Kd7 {[%emt 0:04:23]} 42. Na7 {[%emt 0:00:27]} Nc3 {[%emt 0:01:54]} 43. h4 {[%emt 0:01:35]} Ke6 {[%emt 0:01:44]} 44. Kf2 {[%emt 0:02:02]} Kf5 {[%emt 0:00:38]} 45. Kf3 {[%emt 0:01:15]} Kg6 {[%emt 0:02:24]} 46. g4 {[%emt 0:00:43]} Nd5 {[%emt 0:01:10]} 47. Nc8 {[%emt 0:01:28]} Kf6 {[%emt 0:00:53]} 48. Nd6 {[%emt 0:05:01]} Ke6 {[%emt 0:00:36]} 49. Nc4 {[%emt 0:00:28]} Nc7 {[%emt 0:00:47]} 50. Kf4 {[%emt 0:05:56]} Nxb5 {[%emt 0:01:00]} 51. g5 {[%emt 0:02:04]} Nd4 {[%emt 0:03:14]} 52. Nxb6 {[%emt 0:00:33]} Kf7 {[%emt 0:00:29]} 53. h5 {[%emt 0:00:42]} Ne6+ {[%emt 0:01:06]} 54. Kg4 {[%emt 0:00:25]} Kg7 {[%emt 0:00:30]} 55. Nd5 {[%emt 0:00:40]} Kh7 {[%emt 0:04:28]} 56. Nf4 {[%emt 0:02:38]} Nd4 {[%emt 0:04:17]} 57. h6 {[%emt 0:02:22]} Nc6 {[%emt 0:02:30]} 58. Kh5 {[%emt 0:00:40]} Ne7 {[%emt 0:09:39]} 59. g6+ {[%emt 0:00:50]} Kg8 {[%emt 0:07:23]} 60. Kg5 {[%emt 0:03:12]} Kh8 {[%emt 0:00:17]} 61. Ne6 {[%emt 0:01:16]} Kg8 {[%emt 0:04:12]} 62. Nd8 {[%emt 0:02:06]} Kf8 {[%emt 0:04:35]} 63. Nf7 {[%emt 0:02:22]} 1-0

[Event "Fagernes International 2022"]
[Site "Fagernes"]
[Date "2022.04.15"]
[Round "7.10"]
[White "Stai, Sondre"]
[Black "Wiig, Ole Martin"]
[Result "1-0"]
[WhiteElo "1685"]
[BlackElo "1797"]
[Annotator "NA RC"]
[PlyCount "61"]
[EventDate "2022.04.10"]
[EventCountry "NOR"]
[SourceTitle "playchess.com"]
[Source "ChessBase"]
[SourceQuality "1"]

1. e4 {[%emt 0:00:03]} d6 {[%emt 0:00:07]} 2. d4 {[%emt 0:00:10]} Nf6 {[%emt 0:00:08]} 3. Nc3 {[%emt 0:00:22]} Nbd7 {[%emt 0:00:08]} 4. g4 {[%emt 0:00:19]} h6 {[%emt 0:00:18]} 5. h4 {[%emt 0:02:02]} e5 {[%emt 0:05:43]} 6. Be3 {[%emt 0:01:39]} Be7 {[%emt 0:05:17]} 7. f3 {[%emt 0:03:36]} exd4 {[%emt 0:08:18]} 8. Qxd4 {[%emt 0:01:37]} Ne5 {[%emt 0:06:05]} 9. O-O-O {[%emt 0:05:20]} Be6 {[%emt 0:03:51]} 10. Kb1 {[%emt 0:08:02]} Nfd7 {[%emt 0:06:21]} 11. Be2 {[%emt 0:07:41]} Bxh4 {[%emt 0:06:24]} 12. f4 {[%emt 0:09:57]} Nc6 {[%emt 0:05:55]} 13. Qd2 {[%emt 0:01:03]} Nb6 {[%emt 0:01:37]} 14. g5 {[%emt 0:04:13]} hxg5 {[%emt 0:02:40]} 15. f5 {[%emt 0:03:05]} Bxa2+ {[%emt 0:13:51]} 16. Nxa2 {[%emt 0:00:54]} f6 {[%emt 0:00:11]} 17. Nf3 {[%emt 0:00:59]} Qe7 {[%emt 0:00:30]} 18. Nc3 {[%emt 0:08:51]} O-O-O {[%emt 0:00:28]} 19. Nxh4 {[%emt 0:07:02]} gxh4 {[%emt 0:00:12]} 20. Rh3 {[%emt 0:00:42]} Ne5 {[%emt 0:03:12]} 21. Bxb6 {[%emt 0:07:42]} axb6 {[%emt 0:00:58]} 22. Nd5 {[%emt 0:00:15]} Qe8 {[%emt 0:01:23]} 23. Ra3 {[%emt 0:06:38]} Nc6 {[%emt 0:02:43]} 24. Ra8+ {[%emt 0:07:43]} Nb8 {[%emt 0:01:01]} 25. Qc3 {[%emt 0:02:10]} c6 {[%emt 0:03:29]} 26. Nxb6+ {[%emt 0:00:41]} Kc7 {[%emt 0:00:09]} 27. Qa5 {[%emt 0:02:20]} Qxe4 {[%emt 0:02:25]} 28. Nd5+ {[%emt 0:01:40]} Kd7 {[%emt 0:01:10]} 29. Qc7+ {[%emt 0:00:08]} Ke8 {[%emt 0:00:19]} 30. Rxb8 {[%emt 0:00:57]} Rxb8 {[%emt 0:00:17]} 31. Qxb8+ {[%emt 0:00:08]} 1-0